000 01572nam a2200433 c 4500
001 51760
003 ES-MaCES
005 20240320040004.0
008 210414s2021 sp 000 ||spa d
017 _aV 2287-2020
_bDL
020 _a9788418155918
040 _aES-MaCES
_bspa
_cES-MaCES
245 0 0 _aDiálogos sobre socioeconomía
_b: transformaciones productivas, asimetrías territoriales y exclusión social
_cShirley L. Benavides, Santos M. Benito, eds.
260 _aValencia
_bTirant Humanidades
_c2020
300 _a326 p.
_c22 cm
490 1 _aEstudios de economía y sociología
504 _aBibliografía: p. 301-326
541 _cCompra
650 4 _aglobalización económica
_930653
650 4 _anuevo orden económico internacional
_929223
650 4 _areestructuración empresarial
_930602
650 4 _aflexibilidad del trabajo
_930174
650 4 _acambio tecnológico
_928236
650 4 _aevaluación del impacto
_930732
650 4 _adesarrollo económico y social
_929234
650 4 _adesigualdad económica
_929371
650 4 _adesigualdad social
_930789
650 4 _adesigualdad regional
_929372
650 4 _aexclusión social
_930629
650 4 _aAmérica Latina
_926882
650 4 _apaís en desarrollo
_927092
650 4 _aestudio de casos
_928846
653 1 0 _aDesarrollo regional
700 1 _939921
_aBenavides, Shirley L.
_eed. lit.
700 1 _aRuesga Benito, Santos Miguel
_eed. lit.
_922800
830 0 _934191
_aEstudios de economía y sociología
902 _aLIB Libro
942 _2CES
_cBK
_h1.1.
999 _c51760
_d51760